| 000 | 00884nam a22002892a 4500 | ||
|---|---|---|---|
| 001 | 28884 | ||
| 003 | BD-RjUL | ||
| 005 | 20211209051337.0 | ||
| 008 | 140401s1971 nyua b 001 0 eng d | ||
| 020 | _a0155436473 | ||
| 035 | _a(BD-RjUL)28968 | ||
| 040 |
_aDLC _cDLC _dBD-RjUL _beng |
||
| 041 | _aeng | ||
| 082 | 0 | 0 |
_a150 _bHII 1971 |
| 100 | 1 |
_aHilgard, Ernest R. _q(Ernest Ropiequet), _d1904-2001 _988306 |
|
| 245 | 1 | 0 |
_aIntroduction to psychology / _cErnest R. Hilgard, Richard C. Atkinson and Rita L. Atkinson. |
| 250 | _a5th ed. | ||
| 260 |
_aNew York : _bHarcourt Brace Jovanovich, _cc1971. |
||
| 300 |
_axv, 640 p. : _bill. ; _c25 cm. |
||
| 504 | _aBibliography: p. 603-629 | ||
| 504 | _aIncludes index. | ||
| 650 | 0 |
_aPsychology. _988307 |
|
| 700 | 1 |
_aAtkinson, Richard C. _988308 |
|
| 700 | 1 |
_aAtkinson, Rita L. _988309 |
|
| 942 |
_2ddc _cBK |
||
| 999 |
_c28884 _d28884 |
||